00820nam a2200265Ia 4500003000400000005001700004008004100021020001500062040001800077041000800095082002200103100002000125245006500145250001200210260006700222300002900289650003600318650004800354650003900402700001900441700002100460700003300481700001800514700002200532OSt20250204145932.0210716s2004 xx 000 0 und d a8173664803 cAIMIT LIBRARY aeng a006.671 21bBERG aBerry, Craig A. aJ2EE design patterns applied /cBy Craig A Berry...[et.al.]  a1st ed. aMumbai :bShroff Publishers and Distributors Pvt Ltd ,c2004. avii,359p. ;bPBc24.8 cm aDesign patterns applied to J2EE aPatterns applied to a persistence framework aPatterns applied to mango security aCarnell, John. aJuric, Matjaz B. aKunnumpurath, Meeraj Moidoo. aNashi, Nadia. aRomanosky, Sasha.